000 01143nam a2200325 c 4500
001 59931
003 CO-BoRNBP
005 20251112152301.0
007 ta
008 210902s2015 sp a erf 000 0 spa d
020 _a9788466231473
040 _aCO-BoRNBP
_bspa
_erda
_cCO-BoRNBP
041 0 _aspa
082 0 4 _a746.46
_bF27p
_223
100 _aFernández, Carmen.
_eaut
_967220
245 1 0 _aPatchwork :
_baplicaciones, técnicas y patrones /
_ctextos Carmen Fernández ; ilustraciones y fotografías Marina Ruiz Fernández.
250 _aPrimera edición
264 1 _aMadrid, España :
_bLexus,
_c2015
300 _a128 páginas :
_bilustraciones y fotografías a color
336 _atexto
_btxt
_2rdacontent
337 _asin mediación
_bn
_2rdamedia
338 _avolumen
_bnc
_2rdacarrier
500 _aIncluye índice y glosario
521 _aRecomendado para un público adulto
650 0 7 _aAcolchado
_vManuales, vademécum, etc
_2lemb
_967221
650 0 7 _aCostura
_vManuales, vademécum, etc
_2lemb
_966951
650 0 7 _aTrabajos manuales (educacion)
_2lemb
700 _aRuiz Fernández, Marina
_eill
_966958
942 _2ddc
_cBK
999 _c59931
_d59931